| 000 | 00358nam a22001217a 4500 | ||
|---|---|---|---|
| 008 | 151105b xxu||||| |||| 00| 0 eng d | ||
| 050 | _aPQ2623.A6533 E3 | ||
| 100 |
_aGuy de Larigaudie _920987 |
||
| 245 |
_aEtoile: _bau grand large _c/by Guy de Larigaudie |
||
| 260 |
_aParis _bAux editions du seuil _c1966 |
||
| 300 |
_a69p. ; _c19cm. |
||
| 942 |
_2lcc _cMONOGRAPH |
||
| 999 |
_c123755 _d123755 |
||